<?xml version='1.0' encoding='UTF-8'?>
  <record xmlns="http://www.loc.gov/MARC21/slim">
    <leader>00000cam a22000007i 4500</leader>
    <controlfield tag="001">ocn974194211</controlfield>
    <controlfield tag="003">OCoLC</controlfield>
    <controlfield tag="005">20240508173455.2</controlfield>
    <controlfield tag="008">040507s1566    be            000 0 dut d</controlfield>
    <datafield tag="040" ind1=" " ind2=" ">
      <subfield code="a">QGJ</subfield>
      <subfield code="b">dut</subfield>
      <subfield code="c">QGJ</subfield>
      <subfield code="d">OCLCO</subfield>
      <subfield code="d">OCLCL</subfield>
      <subfield code="d">OCLCQ</subfield>
    </datafield>
    <datafield tag="035" ind1=" " ind2=" ">
      <subfield code="a">(OCoLC)974194211</subfield>
    </datafield>
    <datafield tag="041" ind1=" " ind2=" ">
      <subfield code="a">dut</subfield>
    </datafield>
    <datafield tag="245" ind1="0" ind2="0">
      <subfield code="a">Ordinantie ende placcaet 'sConinghs ons gheduchts Heeren, waer by van nieuws verboden wort, dat niemant van wat state, qualiteyt of condicie hy zy, hem vervoirdere te poste te rijden of loopen, den posthoren te draghen, oft by nachte de selve te blasen oft steken, ten ware &amp;c. ooc dat hem niemant vervoirdere &amp;c. op de boete ende amende, telcke reyse van C. Carolusguldenen, boven de &amp;c.</subfield>
    </datafield>
    <datafield tag="264" ind1=" " ind2="1">
      <subfield code="a">Te Gendt :</subfield>
      <subfield code="b">by Jan van den Steene d'aude [etc.],</subfield>
      <subfield code="c">1566.</subfield>
    </datafield>
    <datafield tag="300" ind1=" " ind2=" ">
      <subfield code="a">-- p. ;</subfield>
      <subfield code="c">19 cm</subfield>
    </datafield>
    <datafield tag="336" ind1=" " ind2=" ">
      <subfield code="a">tekst</subfield>
      <subfield code="b">txt</subfield>
      <subfield code="2">rdacontent/dut</subfield>
    </datafield>
    <datafield tag="337" ind1=" " ind2=" ">
      <subfield code="a">zonder medium</subfield>
      <subfield code="b">n</subfield>
      <subfield code="2">rdamedia/dut</subfield>
    </datafield>
    <datafield tag="338" ind1=" " ind2=" ">
      <subfield code="a">band</subfield>
      <subfield code="b">nc</subfield>
      <subfield code="2">rdacarrier/dut</subfield>
    </datafield>
    <datafield tag="340" ind1=" " ind2=" ">
      <subfield code="m">4-o.</subfield>
    </datafield>
    <datafield tag="562" ind1=" " ind2=" ">
      <subfield code="a">Binding note: S qu 721 (Rariora) dl 15.</subfield>
      <subfield code="5">NL-UtRU</subfield>
    </datafield>
    <datafield tag="510" ind1="0" ind2=" ">
      <subfield code="a">Van Someren 33</subfield>
    </datafield>
    <datafield tag="500" ind1=" " ind2=" ">
      <subfield code="a">Imprint: Te Ghendt, by Jan van den Steene d'aude, wonende op Sinte Pharahilden plaetse. Anno 1566.</subfield>
    </datafield>
    <datafield tag="500" ind1=" " ind2=" ">
      <subfield code="a">Colophon: Typis Manilii.</subfield>
    </datafield>
    <datafield tag="530" ind1=" " ind2=" ">
      <subfield code="a">Also available in online version.</subfield>
    </datafield>
    <datafield tag="700" ind1="0" ind2=" ">
      <subfield code="a">Felipe</subfield>
      <subfield code="b">II,</subfield>
      <subfield code="c">koning van Spanje,</subfield>
      <subfield code="d">1527-1598.</subfield>
      <subfield code="1">https://id.oclc.org/worldcat/entity/E39PBJymwPV6K93yqRQbJkyWXd</subfield>
    </datafield>
    <datafield tag="776" ind1="0" ind2="8">
      <subfield code="i">Online version:</subfield>
      <subfield code="t">Ordinantie ende placcaet 'sConinghs ons gheduchts Heeren, waer by van nieuws verboden wort, dat niemant van wat state, qualiteyt of condicie hy zy, hem vervoirdere te poste te rijden of loopen, den posthoren te draghen, oft by nachte de selve te blasen oft steken, ten ware &amp;c. ooc dat hem niemant vervoirdere &amp;c. op de boete ende amende, telcke reyse van C. Carolusguldenen, boven de &amp;c.</subfield>
      <subfield code="d">Te Gendt : by Jan van den Steene d'aude [etc.], 1566.</subfield>
    </datafield>
    <datafield tag="856" ind1="4" ind2="1">
      <subfield code="u">http://objects.library.uu.nl/reader/resolver.php?obj=002070044&amp;type=2</subfield>
      <subfield code="x">Online</subfield>
      <subfield code="z">Full Text</subfield>
    </datafield>
    <datafield tag="936" ind1=" " ind2=" ">
      <subfield code="a">BATCHLOAD</subfield>
    </datafield>
  </record>